Types of Squash and Gourds Quiz Stats

 Plays Quiz not verified by Sporcle

Score 0/8 Timer 04:00
0 Plays Today
Description Gourd or Squash % Correct
Round; orange, white, or greenPumpkin
85.7%
Slender;Dark GreenZucchini
71.4%
Round on top, Pointed on Bottom;1-4 lbs.Acorn Squash
68.6%
Elongated top, Round bottom;Beige;Nutty tasteButternut
68.6%
Melon-Shaped;Yellow;At least 2-5 lbs.Spaghetti Squash
60%
Slender;Dark Green;Waxy SkinCucumber
60%
Beige with Orange spots, or Pale Green with Dark Green spots and stripesCarnival Squash
31.4%
Bulb-Shaped;Orange, White, and/or GreenTurban Squash
31.4%

You're not logged in!

Compare scores with friends on all Sporcle quizzes.
OR
Log In

Show Comments

Extras

Top Quizzes Today


Score Distribution

Your Account Isn't Verified!

In order to create a playlist on Sporcle, you need to verify the email address you used during registration. Go to your Sporcle Settings to finish the process.

Report this User

Report this user for behavior that violates our Community Guidelines.

Details: